La preferencia adquisitiva en el derecho español: tanteo, retracto, opción

Gespeichert in:
Bibliographische Detailangaben
1. Verfasser: Badenes Gasset, Ramón (VerfasserIn)
Format: Buch
Sprache:Spanisch
Veröffentlicht: Barcelona Bosch 1958
Schlagworte:
Tags: Tag hinzufügen
Keine Tags, Fügen Sie den ersten Tag hinzu!

MARC

LEADER 00000nam a2200000 a 4500
001 UCS1141
003 CL-VaPUC
008 970509e19580000SP |||||||||||||||||spa|d
082 0 4 |a 346.043  |b BAD  |2 21 
100 0 |a Badenes Gasset, Ramón  |e author  |9 385284 
245 1 3 |a La preferencia adquisitiva en el derecho español: tanteo, retracto, opción 
300 |a 233 p 
942 |c BK 
945 |d 19970509 00:00:00  |a cmena 
260 |a Barcelona  |b Bosch  |c 1958 
650 0 |a Propiedad   |9 255268 
650 0 |a Bienes inmuebles   |9 359521 
650 0 |a Derecho privado  |9 258243 
650 0 |a Derecho civil  |9 255013 
650 0 |a Derecho español  |9 255291 
650 0 |a Código civil  |9 256135 
650 0 |a Obligaciones   |9 255578 
650 0 |a Arrendamiento  |9 257654 
651 0 |a España  |9 254926 
583 |a last modification  |c 19970509 00:00:00  |k Rodrigo Vera 
999 |c 259244  |d 259242 
952 |0 0  |1 0  |4 0  |6 346_043000000000000_BAD_1958  |7 0  |8 A  |9 283886  |a BIBDER  |b BIBDER  |d 2019-11-19  |i 1844547  |o 346.043 BAD 1958  |p 1844547  |r 2023-01-25  |w 2019-11-19  |y BK  |k DER